[Event "SVK-chT 2122"]
[Site "Slovakia"]
[Date "2022.03.13"]
[Round "6.8"]
[White "Sankova, Stella"]
[Black "Gzib, David"]
[Result "1/2-1/2"]
[WhiteElo "2054"]
[BlackElo "1957"]
[PlyCount "75"]
[EventDate "2021.10.23"]
[EventType "team-tourn"]
[EventRounds "11"]
[EventCountry "SVK"]
[SourceTitle "EXT 2023"]
[Source "ChessBase"]
[SourceDate "2022.10.05"]
[SourceVersion "1"]
[SourceVersionDate "2022.10.05"]
[SourceQuality "1"]
[WhiteTeam "Zilina Mladost"]
[BlackTeam "Osuske"]
[WhiteTeamCountry "SVK"]
[BlackTeamCountry "SVK"]

1. e4 c5 2. Nf3 d6 3. Bb5+ Nd7 4. d4 cxd4 5. Qxd4 a6 6. Bxd7+ Bxd7 7. c4 Nf6 8. Bg5 h6 9. Bh4 Qa5+ 10. Nc3 g5 11. Bg3 Bg7 12. Qd3 Bc6 13. 0-0 0-0 14. Nd4 Nd7 15. Rfd1 Qb6 16. Nf5 Rfe8 17. Qe2 Nf6 18. h4 Bd7 19. Ne3 Bc6 20. Nf5 Bd7 21. Ne3 Bc6 22. e5 dxe5 23. Bxe5 Qa5 24. Ned5 Nxd5 25. Nxd5 e6 26. Nf6+ Bxf6 27. Bxf6 Qf5 28. hxg5 hxg5 29. Qe5 Qxe5 30. Bxe5 Kh7 31. f3 Kg6 32. Kf2 Rad8 33. Bc7 Rxd1 34. Rxd1 Re7 35. Bd6 Rd7 36. Ke3 f6 37. b3 Kf5 38. c5 1/2-1/2

[Event "Piestany Slovakia op"]
[Site "Piestany"]
[Date "2021.07.17"]
[Round "8"]
[White "Skreko, Igor1111"]
[Black "Sankova, Stella"]
[Result "1-0"]
[WhiteElo "1945"]
[BlackElo "2126"]
[PlyCount "185"]
[EventDate "2021.07.10"]
[EventType "swiss"]
[EventRounds "9"]
[EventCountry "SVK"]
[SourceTitle "CBM 203 Extra"]
[Source "ChessBase"]
[SourceDate "2021.09.30"]
[SourceVersion "1"]
[SourceVersionDate "2021.09.30"]
[SourceQuality "1"]

1. d4 Nf6 2. c4 e6 3. Nc3 Bb4 4. Qc2 0-0 5. a3 Bxc3+ 6. Qxc3 b6 7. Bg5 Bb7 8. e3 d6 9. f3 c5 10. Nh3 Nbd7 11. Be2 Qc7 12. 0-0 Rac8 13. Rfd1 h6 14. Bh4 e5 15. d5 Rce8 16. e4 Nh5 17. g4 Nf4 18. Nxf4 exf4 19. b4 Bc8 20. a4 g6 21. a5 f5 22. gxf5 gxf5 23. Kh1 Kh7 24. Rg1 Ne5 25. axb6 axb6 26. bxc5 bxc5 27. exf5 Bxf5 28. Ra2 Ra8 29. Rxa8 Rxa8 30. Bf6 Ng6 31. Bd3 Qd7 32. Rb1 Ra7 33. Qc2 Bxd3 34. Qxd3 Qf7 35. Bc3 Re7 36. Rb8 Re8 37. Rxe8 Qxe8 38. Qf5 Qf8 39. Qxf8 Nxf8 40. Ba5 Ng6 41. Bc7 Ne5 42. Bxd6 Nxc4 43. Bxc5 Kg6 44. d6 Ne5 45. Bd4 Nd7 46. Kg2 Kf5 47. Bg7 Kg6 48. Bc3 Kf5 49. Kf2 Ke6 50. Bb4 Ne5 51. Ke2 Kd7 52. Bd2 Ng6 53. Kd3 Kxd6 54. Ke4 Ke6 55. Bxf4 h5 56. Bg5 Nf8 57. f4 Nd7 58. f5+ Kf7 59. Kf4 Nc5 60. Bd8 Nb7 61. Bc7 Nc5 62. Bd8 Nb7 63. Bh4 Nd6 64. Kg5 Kg7 65. Bg3 Nf7+ 66. Kf4 Nh6 67. Bf2 Nf7 68. Bd4+ Kh6 69. h4 Kh7 70. Ke4 Kg8 71. Kd5 Nd8 72. Bb6 Nf7 73. Ke6 Nh6 74. Kf6 Nf7 75. Kg6 Nd6 76. Bc7 Ne4 77. Kxh5 Kf7 78. Be5 Nc5 79. Kg5 Nd7 80. Bd4 Nf8 81. h5 Nh7+ 82. Kg4 Nf8 83. h6 Kg8 84. Bg7 Nh7 85. Kh4 Kf7 86. Kh5 Nf6+ 87. Bxf6 Kxf6 88. h7 Kg7 89. h8Q+ Kxh8 90. Kg6 Kg8 91. f6 Kh8 92. Kf7 Kh7 93. Ke7 1-0

[Event "Piestany Slovakia op"]
[Site "Piestany"]
[Date "2021.07.16"]
[Round "7"]
[White "Sankova, Stella"]
[Black "Koloditsova, Renata"]
[Result "1/2-1/2"]
[WhiteElo "2126"]
[BlackElo "1956"]
[PlyCount "160"]
[EventDate "2021.07.10"]
[EventType "swiss"]
[EventRounds "9"]
[EventCountry "SVK"]
[SourceTitle "CBM 203 Extra"]
[Source "ChessBase"]
[SourceDate "2021.09.30"]
[SourceVersion "1"]
[SourceVersionDate "2021.09.30"]
[SourceQuality "1"]

1. e4 c5 2. Nf3 Nc6 3. Bb5 e6 4. Bxc6 bxc6 5. 0-0 d5 6. d3 Nf6 7. Nc3 Be7 8. Qe2 0-0 9. Na4 a5 10. b3 Ba6 11. c4 d4 12. Ne5 Qc7 13. f4 Bd6 14. g4 Bxe5 15. fxe5 Nd7 16. Qg2 Nxe5 17. Qg3 f6 18. g5 Kh8 19. Nxc5 Qe7 20. Na4 Nd7 21. h4 Qe8 22. Qg4 Ne5 23. Qe2 fxg5 24. Bxg5 Qg6 25. Kh1 h6 26. Be7 Rxf1+ 27. Rxf1 Qg3 28. Nc5 Re8 29. Bd6 Qxh4+ 30. Kg1 Bc8 31. Qh2 Qg5+ 32. Qg2 Ng4 33. e5 Qe3+ 34. Kh1 Nxe5 35. Bxe5 Qxe5 36. Qxc6 Qh5+ 37. Kg1 e5 38. Rf2 Bh3 39. Ne4 Rc8 40. Qb7 Rg8 41. Ng3 Qd1+ 42. Kh2 Bg4 43. Qe4 Rc8 44. Kg2 h5 45. Kh2 Qc1 46. Qxe5 Qe3 47. Qf4 Qxf4 48. Rxf4 Rd8 49. Ne4 g5 50. Rf6 Kg7 51. Ra6 Be2 52. Nxg5 Rd7 53. Ne6+ Kf7 54. Nf4 Bg4 55. Rxa5 h4 56. Rg5 Bd1 57. Rd5 Ra7 58. Rxd4 Rxa2+ 59. Kh3 Bxb3 60. Kxh4 Kf6 61. Kg4 Bd1+ 62. Kg3 Rc2 63. Rd5 Rc3 64. Ra5 Kf7 65. Ra7+ Ke8 66. Kf2 Bc2 67. Rc7 Bxd3 68. Nxd3 Rxd3 69. Ke2 Rd4 70. Ke3 Rd1 71. Rc5 Ke7 72. Ke4 Ke6 73. Rc6+ Kd7 74. Rh6 Kc7 75. Ke5 Rd2 76. Ra6 Rd1 77. Ke6 Rd2 78. Ra5 Kc6 79. Rd5 Re2+ 80. Kf5 Re1 1/2-1/2

[Event "Piestany Slovakia op"]
[Site "Piestany"]
[Date "2021.07.10"]
[Round "1"]
[White "Lihosith, Tomas"]
[Black "Sankova, Stella"]
[Result "0-1"]
[WhiteElo "1768"]
[BlackElo "2126"]
[PlyCount "52"]
[EventDate "2021.07.10"]
[EventType "swiss"]
[EventRounds "9"]
[EventCountry "SVK"]
[SourceTitle "CBM 203 Extra"]
[Source "ChessBase"]
[SourceDate "2021.09.30"]
[SourceVersion "1"]
[SourceVersionDate "2021.09.30"]
[SourceQuality "1"]

1. d4 Nf6 2. Bf4 d5 3. e3 c5 4. Nf3 Nc6 5. h3 Bf5 6. Nbd2 Qb6 7. Nh4 Bc8 8. dxc5 Qxb2 9. c4 e5 10. Bg5 d4 11. Bxf6 gxf6 12. Ne4 Bxc5 13. Nxf6+ Kf8 14. Nd5 Be6 15. Qc1 Bb4+ 16. Kd1 Qxf2 17. Nxb4 Nxb4 18. Qd2 Qxd2+ 19. Kxd2 dxe3+ 20. Kc3 Nc6 21. Bd3 Rc8 22. Rab1 Na5 23. Kb4 Nxc4 24. Bxc4 Rxc4+ 25. Ka5 b6+ 26. Kb5 Rxh4 0-1

[Event "Mitropa Cup Online (Women)"]
[Site "Tornelo INT"]
[Date "2021.05.12"]
[Round "9.2"]
[White "Medic, Mirjana"]
[Black "Sankova, Stella"]
[Result "0-1"]
[WhiteElo "2147"]
[BlackElo "2087"]
[PlyCount "104"]
[EventDate "2021.05.04"]
[EventType "team-tourn"]
[EventRounds "9"]
[EventCountry "SUI"]
[SourceTitle "CBM 202 Extra"]
[Source "ChessBase"]
[SourceDate "2021.07.31"]
[SourceVersion "1"]
[SourceVersionDate "2021.07.31"]
[SourceQuality "1"]
[WhiteTeam "Croatia (W)"]
[BlackTeam "Slovakia (W)"]
[WhiteTeamCountry "CRO"]
[BlackTeamCountry "SVK"]

1. d4 d5 2. Nf3 e6 3. e3 Nf6 4. Bd3 c5 5. b3 Nc6 6. 0-0 cxd4 7. exd4 Bd6 8. c4 0-0 9. Bb2 b6 10. Nbd2 Bb7 11. Rc1 Rc8 12. Ne5 Nd7 13. Ndf3 Ndxe5 14. dxe5 Bc5 15. Qe2 Nb4 16. Bb1 dxc4 17. bxc4 Be7 18. Rfd1 Qc7 19. Nd4 Rfd8 20. a3 Na6 21. Nb5 Qc6 22. f3 Rxd1+ 23. Rxd1 Qxc4 24. Bd3 Qa4 25. Nd6 Bxd6 26. exd6 Nc5 27. Bc2 Qd7 28. Qe5 f6 29. Qh5 g6 30. Qg4 e5 31. Bb3+ Kg7 32. Qxd7+ Nxd7 33. Be6 Rd8 34. Kf2 Nc5 35. Bc4 Bc8 36. Ke3 Nb7 37. Ba6 Nxd6 38. Rxd6 Rxd6 39. Bxc8 Rc6 40. Bd7 Rc2 41. Ba1 Rxg2 42. Bc3 Rxh2 43. a4 g5 44. Bb5 h5 45. Bd7 h4 46. Be1 h3 47. f4 Rh1 48. Bf2 h2 49. Bc6 gxf4+ 50. Ke2 Rc1 51. Bb7 h1Q 52. Bxh1 Rxh1 0-1